|
|
|
|
| LEADER |
00768ncm a22002292a 4500 |
| 001 |
000237952 |
| 003 |
CZ BrMZK |
| 005 |
20100906104326.0 |
| 007 |
qu |
| 008 |
010907s1944 xr f cze d |
| 040 |
|
|
|a BOA001
|b cze
|
| 072 |
|
7 |
|a 784
|x Vokální hudba
|2 Konspekt
|9 9
|
| 100 |
1 |
|
|a Filip, Petr,
|d 1906-1984
|7 jo2010589239
|4 cmp
|
| 245 |
1 |
0 |
|a Když Prahou jdu sám
|h [hudebnina] :
|b píseň a waltz /
|c Petr Filip ; slova Adam Adam
|
| 260 |
|
|
|a Praha :
|b Švehla,
|c 1944
|
| 300 |
|
|
|a 1 sv. (nestránkován)
|
| 500 |
|
|
|a Značkovaný zpěv
|
| 700 |
1 |
|
|a Adam, Adam,
|d 1909-1997
|7 jo2010565041
|4 lyr
|
| 910 |
|
|
|a BOA001
|b Mus1-0586.703
|
| 990 |
|
|
|a MU
|
| 991 |
|
|
|b 200912
|
| 996 |
6 |
|
|b 2619896416
|c Mus1-0586.703
|l MZK
|r Sklad / do 1 hodiny
|n 0
|w 000237952
|u 000010
|a 1
|e BOA001
|j MZK50
|s P
|